000 00723nam a2200217Ii 4500
003 JO-AjNU
008 230605s9999||||xx |||||||||||||| ||und||
020 _a99901-90-31-3
040 _aJO-AjNU
_bara
_erda
_cJO-AjNU
041 _aara
050 1 4 _aPJ6171.H37 2006
100 3 _aالهاشمي، علوي,
_eauthor
_924733
245 0 0 _aفلسفة الإيقاع في الشعر العربي
250 _aط1
264 3 1 _aعمان: دار فارس للنشر والتوزيع، 2006
300 _a206ص
336 _atext
_btxt
_2rdacontent
337 _aunmediated
_bn
_2rdamedia
338 _avolume
_bnc
_2rdacarrier
650 4 _aالشعرالعربي-عروض وقوافي-الاوزان الشعرية
_924734
999 _aA9156
_c12724
_d12724